000 01436pam a2200325 a 4500
001 2401
005 20250307150951.0
020 _a9780439136839
040 _aDLC
_cDLC
_dDLC
_beng
050 0 0 _aPZ7.P2197
082 0 0 _a813.54
100 1 _aPark, Barbara.
245 1 0 _aJunie B. Jones and the stupid smelly bus
_cby Barbara Park ; illustrated by Denise Brunkus
250 _aFirst Scholastic printing , September 1998
260 _aNew York :
_bScholastic
_c1992
300 _a69 pages
_billustrations
_c20 cm
490 1 _aJunie B.Jones
_vBook 1
500 _aSeries title and number from v. 5.
500 _a"A First stepping stone book."
505 _aL
520 _a"Hilarious. Barbara Park makes reading fun." --Dav Pilkey, author of Dog Man Barbara Park's #1 New York Times bestselling chapter book series, Junie B. Jones, has been keeping kids laughing--and reading--for more than twenty-five years. Over 65 million copies sold! Meet the World's Funniest Kindergartner--Junie B. Jones! Remember when it was scary to go to school? In the first Junie B. Jones book, it's Junie B.'s first day and she doesn't know
521 _a520
_bLexile
521 _aL
_bRaz-Plus
650 1 _aKindergarten
_xFiction.
650 1 _aSchool buses
_xFiction.
650 1 _aSchools
_xFiction.
700 1 _aBrunkus, Denise
_eillustrator
906 _a7
_bcbc
_corignew
_d1
_eocip
_f19
_gy-gencatlg
942 _2ddc
_cBK
_n0
999 _c2401
_d2401